[Event "Penang op 15th"]
[Site "Penang"]
[Date "2023.12.21"]
[Round "7"]
[White "Sreekarthika, Velmurugan"]
[Black "Setiawan, David"]
[Result "0-1"]
[WhiteElo "1524"]
[BlackElo "1942"]
[PlyCount "96"]
[EventDate "2023.12.18"]
[EventType "swiss"]
[EventRounds "9"]
[EventCountry "MAS"]
[SourceTitle "CB52_2023"]
[SourceDate "2023.12.27"]
[SourceVersion "1"]
[SourceVersionDate "2023.12.27"]
[SourceQuality "1"]

1. e4 e6 2. d4 d5 3. Nd2 c5 4. Ngf3 Nc6 5. exd5 exd5 6. dxc5 Bxc5 7. Nb3 Bb6 8. Bd3 Nf6 9. 0-0 0-0 10. h3 Qd6 11. Bg5 h6 12. Bxf6 Qxf6 13. c3 Bd7 14. Bc2 Rfd8 15. Nbd4 Re8 16. Qd3 g6 17. Rfe1 Rac8 18. Bb3 Nxd4 19. Nxd4 Qd6 20. Rad1 Rcd8 21. Qd2 Kh7 22. Nf3 Rxe1+ 23. Rxe1 Bxh3 24. Ne5 Be6 25. Bc2 Kg7 26. Qd3 Bf5 27. Qf3 Be6 28. Qd3 Bc8 29. Qf3 Qf6 30. Bb3 Be6 31. Qxf6+ Kxf6 32. Nd3 g5 33. g3 Bf5 34. Nb4 Be4 35. Rd1 Ke5 36. Re1 f5 37. Kf1 Kf6 38. Ke2 d4 39. f3 d3+ 40. Kd2 Bxf3 41. Re6+ Kg7 42. Nxd3 Bf2 43. Re5 Bxg3 44. Re7+ Kg6 45. Re6+ Kh5 46. Rf6 Be4 47. Kc2 Be5 48. Bc4 g4 0-1

[Event "World School-ch U11 Girls"]
[Site "Rhodes"]
[Date "2023.04.18"]
[Round "5"]
[White "Sreekarthika, Velmurugan"]
[Black "Berikkyzy, Aiaru"]
[Result "1/2-1/2"]
[WhiteElo "1580"]
[BlackElo "1375"]
[PlyCount "141"]
[EventDate "2023.04.14"]
[EventType "swiss"]
[EventRounds "9"]
[EventCountry "GRE"]
[SourceTitle "EXT 2024"]
[Source "ChessBase"]
[SourceDate "2023.10.10"]
[SourceVersion "1"]
[SourceVersionDate "2023.10.10"]
[SourceQuality "1"]

1. e4 c6 2. d4 d5 3. exd5 cxd5 4. Bd3 Nc6 5. c3 Nf6 6. Bf4 Bg4 7. Qb3 Qd7 8. Nd2 e6 9. Ngf3 Bxf3 10. Nxf3 Bd6 11. Bxd6 Qxd6 12. 0-0 0-0 13. Rae1 a6 14. Ne5 Nd7 15. f4 Ndxe5 16. fxe5 Qe7 17. Re3 g6 18. Rf6 Kg7 19. Rh3 Nb8 20. Qc2 Nd7 21. Qd2 h5 22. Rxh5 Rh8 23. Rxh8 Rxh8 24. Rf3 Qh4 25. Rh3 Qg4 26. Rxh8 Kxh8 27. h3 Qg3 28. Bf1 Kg7 29. b3 f6 30. exf6+ Nxf6 31. Bd3 Nh5 32. Be2 Nf4 33. Bg4 g5 34. c4 Kf6 35. cxd5 exd5 36. Qf2 Qxf2+ 37. Kxf2 Nd3+ 38. Ke3 Nc1 39. Bc8 b6 40. Bxa6 Nxa2 41. Bb7 Nb4 42. g3 Kf5 43. Bc8+ Kf6 44. h4 gxh4 45. gxh4 Nc2+ 46. Kd3 Nb4+ 47. Kc3 Na2+ 48. Kd2 Nb4 49. Bg4 Kg6 50. Bd1 Kf5 51. Ke3 Nc6 52. Bf3 Nb4 53. Bd1 Nc6 54. Be2 Nb4 55. Bf3 Nc2+ 56. Kd3 Nb4+ 57. Kd2 Kf4 58. h5 Kg5 59. Bd1 Kh6 60. Bg4 Kg5 61. Bf3 Kf5 62. Bd1 Kg5 63. Ke3 Nc6 64. Bf3 Nb4 65. Bxd5 Nxd5+ 66. Ke4 Nb4 67. d5 Kxh5 68. d6 Kg6 69. d7 Nc6 70. Kd5 Nd8 71. Kd6 1/2-1/2

[Event "World School-ch U11 Girls"]
[Site "Rhodes"]
[Date "2023.04.17"]
[Round "4"]
[White "Eroglu, Ilgin Deniz"]
[Black "Sreekarthika, Velmurugan"]
[Result "0-1"]
[WhiteElo "1205"]
[BlackElo "1580"]
[PlyCount "120"]
[EventDate "2023.04.14"]
[EventType "swiss"]
[EventRounds "9"]
[EventCountry "GRE"]
[SourceTitle "EXT 2024"]
[Source "ChessBase"]
[SourceDate "2023.10.10"]
[SourceVersion "1"]
[SourceVersionDate "2023.10.10"]
[SourceQuality "1"]

1. e4 e5 2. Nf3 Nc6 3. Bc4 Bc5 4. c3 Nf6 5. d4 exd4 6. e5 d5 7. Bb5 Ne4 8. cxd4 Bb6 9. Nc3 0-0 10. Be3 Bg4 11. h3 Bxf3 12. gxf3 Nxc3 13. bxc3 f6 14. f4 fxe5 15. fxe5 Ne7 16. Qg4 c6 17. Bd3 Qe8 18. Rg1 Qf7 19. f4 g6 20. h4 Kh8 21. Ke2 Nf5 22. Bxf5 Qxf5 23. Qxf5 Rxf5 24. Rab1 Raf8 25. Rg5 R8f7 26. Rh1 Bd8 27. Rg4 b5 28. Kd3 a5 29. Kc2 Rb7 30. Rb1 a4 31. Bd2 Kg7 32. Rh1 Kf7 33. Rhg1 Ke6 34. Rh1 Rh5 35. Kd3 Kf5 36. Rg2 Rxh4 37. Rxh4 Bxh4 38. Bc1 Rg7 39. Ke3 Be7 40. Kf3 h5 41. Be3 h4 42. Bg1 g5 43. Rg4 Rg6 44. Bh2 gxf4 45. Rxg6 Kxg6 46. Bxf4 Kf5 47. Bh2 c5 48. Bg1 cxd4 49. Bxd4 Bd8 50. Kg2 Bc7 51. Kh3 Bxe5 52. Bxe5 Kxe5 53. Kxh4 d4 54. cxd4+ Kxd4 55. Kg4 Kc3 56. Kf3 b4 57. Ke3 Kb2 58. Kd2 Kxa2 59. Kc2 b3+ 60. Kc1 b2+ 0-1

[Event "World School-ch U11 Girls"]
[Site "Rhodes"]
[Date "2023.04.14"]
[Round "1"]
[White "Sreekarthika, Velmurugan"]
[Black "Bekiari, Angeliki"]
[Result "0-1"]
[WhiteElo "1580"]
[BlackElo "1109"]
[PlyCount "112"]
[EventDate "2023.04.14"]
[EventType "swiss"]
[EventRounds "9"]
[EventCountry "GRE"]
[SourceTitle "EXT 2024"]
[Source "ChessBase"]
[SourceDate "2023.10.10"]
[SourceVersion "1"]
[SourceVersionDate "2023.10.10"]
[SourceQuality "1"]

1. e4 c6 2. d4 d5 3. exd5 cxd5 4. Bd3 Nc6 5. c3 Nf6 6. Bf4 g6 7. Nf3 Bf5 8. Qe2 Bxd3 9. Qxd3 Bg7 10. 0-0 0-0 11. Nbd2 Qd7 12. Ne5 Nxe5 13. Bxe5 Bh6 14. Bxf6 exf6 15. Nb3 b6 16. f4 Qg4 17. h3 Qh4 18. Qf3 Rad8 19. Rae1 Rfe8 20. Rxe8+ Rxe8 21. Qxd5 Bxf4 22. Qf3 Re1 23. g4 Re3 24. Qg2 Rg3 25. Rxf4 Qxh3 26. Rf2 Rxg2+ 27. Rxg2 Qe3+ 28. Kh2 Qf4+ 29. Kg1 f5 30. gxf5 Qxf5 31. a3 h5 32. Rd2 h4 33. d5 Kf8 34. d6 Ke8 35. d7+ Kd8 36. Kg2 Qb5 37. Kh3 Qxb3 38. Kxh4 Qc4+ 39. Rd4 Qf1 40. Kg5 Qf5+ 41. Kh4 g5+ 42. Kg3 Qf1 43. Kg4 Qg1+ 44. Kf5 Qb1+ 45. Kxg5 Qxb2 46. Rf4 Qb5+ 47. Kf6 Kxd7 48. Kxf7 Qh5+ 49. Kf6 Qh8+ 50. Kg6 Qg8+ 51. Kf6 Qf8+ 52. Ke5 Qxa3 53. Kd4 Qd6+ 54. Ke4 a5 55. Rf3 a4 56. Rd3 a3 0-1

[Event "SGP-ch 74th"]
[Site "Singapore"]
[Date "2023.02.11"]
[Round "8"]
[White "Sreekarthika, Velmurugan"]
[Black "Ong, Yi Herng Joel"]
[Result "0-1"]
[WhiteElo "1438"]
[BlackElo "2086"]
[PlyCount "82"]
[EventDate "2023.01.27"]
[EventType "swiss"]
[EventRounds "9"]
[EventCountry "SIN"]
[SourceTitle "EXT 2024"]
[Source "ChessBase"]
[SourceDate "2023.10.10"]
[SourceVersion "1"]
[SourceVersionDate "2023.10.10"]
[SourceQuality "1"]

1. e4 e6 2. d4 d5 3. Bd3 dxe4 4. Bxe4 Nf6 5. Bf3 c5 6. Ne2 Nc6 7. Be3 cxd4 8. Nxd4 Ne5 9. Nc3 Bb4 10. Ndb5 Qa5 11. 0-0 Nxf3+ 12. Qxf3 a6 13. Qg3 0-0 14. Nc7 Nh5 15. Qg4 Qxc7 16. Qxb4 Bd7 17. Rad1 Bc6 18. Rfe1 f5 19. Bb6 Qf7 20. Qc4 Rfe8 21. Rd6 e5 22. Qxf7+ Kxf7 23. f3 Nf6 24. Rd2 Re6 25. Rde2 Rae8 26. Bf2 g5 27. h3 h5 28. Kh2 g4 29. fxg4 hxg4 30. Bh4 Rh8 31. Bxf6 Kxf6 32. Rf1 Kg5 33. Rfe1 e4 34. Nd1 f4 35. Nc3 g3+ 36. Kg1 Rhe8 37. a4 f3 38. gxf3 exf3 39. Rxe6 f2+ 40. Kf1 fxe1Q+ 41. Rxe1 g2+ 0-1

[Event "Kaspersky op U16"]
[Site "Tornelo INT"]
[Date "2021.04.02"]
[Round "9"]
[White "Sreekarthika, Velmurugan"]
[Black "Sawalakhe, Jay"]
[Result "0-1"]
[WhiteElo "1031"]
[BlackElo "1345"]
[PlyCount "64"]
[EventDate "2021.04.02"]
[EventType "swiss (blitz)"]
[EventRounds "11"]
[EventCountry "RUS"]
[SourceTitle "CBM 201 Extra"]
[Source "ChessBase"]
[SourceDate "2021.05.31"]
[SourceVersion "1"]
[SourceVersionDate "2021.05.31"]
[SourceQuality "1"]

1. e4 e6 2. d4 d5 3. exd5 exd5 4. Nf3 Nf6 5. c4 Bg4 6. Nc3 Nc6 7. Bg5 Be7 8. Bxf6 Bxf6 9. Nxd5 Bxf3 10. Qxf3 Nxd4 11. Nxf6+ Qxf6 12. Qxf6 gxf6 13. Bd3 0-0-0 14. 0-0-0 f5 15. Rhe1 Rhg8 16. g3 Rd7 17. Re3 Rgd8 18. Rde1 Nb3+ 19. Kc2 Nd4+ 20. Kc3 c6 21. Bb1 b5 22. Re7 c5 23. R7e5 b4+ 24. Kd2 Nf3+ 25. Kc1 Nxe5 26. Rxe5 Rd1+ 27. Kc2 R8d2+ 28. Kb3 Rxb1 29. Rxc5+ Kb7 30. Rb5+ Kc6 31. Rxb4 Rdxb2+ 32. Kc3 Rxb4 0-1